Library Banner

تاریخ گواہ ہے (Record no. 77412)

MARC details
000 -LEADER
fixed length control field 00393nam a22001457a 4500
005 - DATE AND TIME OF LATEST TRANSACTION
control field 20151015110649.0
008 - FIXED-LENGTH DATA ELEMENTS--GENERAL INFORMATION
fixed length control field 151015b xxu||||| |||| 00| 0 eng d
040 ## - CATALOGING SOURCE
Transcribing agency PK-LaUMT
082 ## - DEWEY DECIMAL CLASSIFICATION NUMBER
Classification number KHC 320.095491
Item number MAN-T
100 ## - MAIN ENTRY--PERSONAL NAME
Personal name منظور احمد
245 ## - TITLE STATEMENT
Title تاریخ گواہ ہے
Statement of responsibility, etc منظور احمد
260 ## - PUBLICATION, DISTRIBUTION, ETC. (IMPRINT)
Place of publication, distribution, etc لاہور
Name of publisher, distributor, etc لاہور آرٹ
Date of publication, distribution, etc 1986
300 ## - PHYSICAL DESCRIPTION
Extent 384 ص
942 ## - ADDED ENTRY ELEMENTS (KOHA)
Koha item type Books
Holdings
Withdrawn status Lost status Damaged status Home library Current library Date acquired Full call number Barcode Date last seen Price effective from Koha item type
      UMT Main Campus UMT Main Campus 2015-10-15 KHC 320.095491 MAN-T 74265 2015-10-15 2015-10-15 Books